Integrovaný prístup v politike cestovného ruchu

Objasnenie koncepcie integrovaného rozvoja cestovného ruchu, najmä v regionálnom a lokálnom kontexte. V širšom zmysle je to koncipovanie politiky cestovného ruchu (tzn. jej cieľov a nástrojov), ktorá je vertikálne i horizontálne konzistentná a jej nositelia (aktéri) v oboch smeroch vzájomne spolupra...

Descrizione completa

Salvato in:
Dettagli Bibliografici
Autore principale: Jarábková, Jana
Altri autori: Majstríková, Ľubica
Natura: Capitolo di libro
Lingua:slovacco
Soggetti:
Tags: Aggiungi Tag
Nessun Tag, puoi essere il primo ad aggiungerne!!

MARC

LEADER 00000nla a2200000 4500
001 0229401
005 20240417075114.2
041 0 |a slo 
044 |a SK 
245 1 0 |a Integrovaný prístup v politike cestovného ruchu  |c Jana Jarábková, Ľubica Majstríková 
520 |a Objasnenie koncepcie integrovaného rozvoja cestovného ruchu, najmä v regionálnom a lokálnom kontexte. V širšom zmysle je to koncipovanie politiky cestovného ruchu (tzn. jej cieľov a nástrojov), ktorá je vertikálne i horizontálne konzistentná a jej nositelia (aktéri) v oboch smeroch vzájomne spolupracujú. Integrovaný rozvoj cestovného ruchu na príklade regiónu Liptov. 
610 2 0 |a ruch cestovný 
610 2 0 |a politika ruchu cestovného 
610 2 0 |a kooperácia 
610 2 0 |a ruch cestovný vidiecky 
610 2 0 |a regióny 
610 2 0 |a Slovensko 
100 1 |a Jarábková, Jana 
700 1 |a Majstríková, Ľubica